[Event "En Passant 2"]
[Site "Montreal CAN"]
[Date "1989.04.20"]
[Round "3"]
[White "Morin, Louis"]
[Black "Poulin, Maurice"]
[Result "1-0"]
[WhiteElo "1878"]
[BlackElo "2006"]
[PlyCount "57"]
[GameId "2160767912519565"]
[EventDate "1989.04.06"]
[EventType "tourn"]
[EventRounds "5"]
[EventCountry "CAN"]
[SourceTitle "hb 2013"]

1. e4 c5 2. d4 cxd4 3. c3 dxc3 4. Nxc3 Nc6 5. Nf3 d6 6. Bc4 a6 7. O-O e6 8. Qe2 Nge7 9. Bg5 h6 10. Be3 Ng6 11. Rad1 Be7 12. Nd4 O-O 13. f4 Bd7 14. Qh5 Nxd4 15. Bxd4 Rc8 16. Bb3 b5 17. f5 Ne5 18. Bxe5 dxe5 19. fxe6 Qb6+ 20. Kh1 Bxe6 21. Nd5 Bxd5 22. Bxd5 Bf6 23. Rd3 Rc2 24. Rdf3 Rxb2 25. h3 Rd2 26. Rxf6 gxf6 27. Qg6+ Kh8 28. Qxh6+ Kg8 29. Qxd2 1-0

[Event "En Passant 2"]
[Site "Montreal CAN"]
[Date "1989.04.27"]
[Round "4"]
[White "Delisle, Claude"]
[Black "Morin, Louis"]
[Result "0-1"]
[WhiteElo "2023"]
[BlackElo "1878"]
[PlyCount "64"]
[GameId "2160767912519566"]
[EventDate "1989.04.06"]
[EventType "tourn"]
[EventRounds "5"]
[EventCountry "CAN"]
[SourceTitle "hb 2013"]

1. d4 d5 2. f4 Nf6 3. Nf3 c5 4. e3 Nc6 5. c3 e6 6. Bd3 Qa5 7. O-O c4 8. Bc2 b5 9. a3 Bd6 10. Nbd2 Bb7 11. Rb1 Qc7 12. Qe2 a5 13. e4 Bxf4 14. e5 Nd7 15. Nxc4 Bxh2+ 16. Kxh2 bxc4 17. Ng5 Nd8 18. Qh5 Nb6 19. Nxh7 Rg8 20. Ng5 Bc6 21. Nxf7 Nxf7 22. Rxf7 Rh8 23. Qxh8+ Kxf7 24. Qh5+ Ke7 25. Bg5+ Kd7 26. Rf1 Kc8 27. Rf7 Bd7 28. Qh8+ Kb7 29. Qxg7 Qc8 30. Kg3 Ka6 31. Be7 Qh8 32. Bc5 Rg8 0-1

[Event "En Passant 3"]
[Site "Montreal CAN"]
[Date "1989.05.25"]
[Round "1"]
[White "Desforges, Jean"]
[Black "Morin, Louis"]
[Result "0-1"]
[WhiteElo "1976"]
[BlackElo "1980"]
[PlyCount "72"]
[GameId "2160767912519355"]
[EventDate "1989.05.25"]
[EventType "swiss"]
[EventRounds "4"]
[EventCountry "CAN"]
[SourceTitle "hb 2013"]

1. d4 d5 2. c4 e6 3. Nc3 c5 4. Nf3 Nc6 5. Bg5 Be7 6. Bxe7 Ngxe7 7. e3 O-O 8. Be2 cxd4 9. exd4 dxc4 10. Bxc4 Nf5 11. d5 exd5 12. Qxd5 Re8+ 13. Be2 Qxd5 14. Nxd5 Nfd4 15. Nxd4 Nxd4 16. O-O-O Nxe2+ 17. Kd2 Bg4 18. f3 Rad8 19. fxg4 Rxd5+ 20. Kc2 Rc8+ 21. Kb1 Rxd1+ 22. Rxd1 Kf8 23. a4 Rc4 24. Rd7 Rxg4 25. b3 Rb4 26. Kc2 Ke8 27. Rc7 Nf4 28. g3 Ne6 29. Rc8+ Kd7 30. Rh8 h6 31. Kc3 a5 32. Ra8 b6 33. Rb8 Nc5 34. Rg8 Rxb3+ 35. Kc2 g6 36. Rf8 Rf3 0-1

[Event "En Passant 3"]
[Site "Montreal CAN"]
[Date "1989.06.01"]
[Round "1"]
[White "Zalys, Ignas"]
[Black "Desforges, Jean"]
[Result "1-0"]
[WhiteElo "1925"]
[BlackElo "1977"]
[PlyCount "43"]
[GameId "2160767912519356"]
[EventDate "1989.05.25"]
[EventType "swiss"]
[EventRounds "4"]
[EventCountry "CAN"]

1. c4 e6 2. Nc3 d5 3. d4 c5 4. cxd5 cxd4 5. Qxd4 Nc6 6. Qd1 exd5 7. Qxd5 Bd7 8. Bg5 Nf6 9. Qd2 Be7 10. Nf3 Qa5 11. e4 Rd8 12. Bxf6 Bxf6 13. Nd5 Qxd2+ 14. Nxd2 Bd4 15. Nf3 Bxb2 16. Rb1 Ba3 17. Rxb7 O-O 18. Bb5 Rfe8 19. O-O Rxe4 20. Rxd7 Rxd7 21. Bxc6 Rd6 22. Nf6+ 1-0

[Event "En Passant 3"]
[Site "Montreal CAN"]
[Date "1989.06.08"]
[Round "3"]
[White "Lagasse, Pascal"]
[Black "Morin, Louis"]
[Result "1-0"]
[WhiteElo "1956"]
[BlackElo "1980"]
[PlyCount "41"]
[GameId "2160767912519359"]
[EventDate "1989.05.25"]
[EventType "swiss"]
[EventRounds "4"]
[EventCountry "CAN"]
[SourceTitle "hb 2013"]

1. e4 e5 2. Nf3 d6 3. d4 Nf6 4. dxe5 Nxe4 5. Qd5 Nc5 6. exd6 Qxd6 7. Nc3 Be6 8. Qh5 Nc6 9. Bg5 Nb4 10. Bb5+ c6 11. O-O Be7 12. Rad1 Qc7 13. a3 Nxc2 14. Rd2 cxb5 15. Nxb5 Qb6 16. Bxe7 Kxe7 17. Qg5+ f6 18. Qxg7+ Bf7 19. Nd6 Qxd6 20. Rxd6 Kxd6 21. Qxf7 1-0

[Event "En Passant 3"]
[Site "Montreal CAN"]
[Date "1989.06.15"]
[Round "3"]
[White "Zalys, Ignas"]
[Black "Legasse, P."]
[Result "1-0"]
[WhiteElo "1925"]
[BlackElo "1885"]
[PlyCount "81"]
[GameId "2160767912519360"]
[EventDate "1989.05.25"]
[EventType "swiss"]
[EventRounds "4"]
[EventCountry "CAN"]

1. e4 c5 2. c3 e6 3. d4 d5 4. exd5 exd5 5. Nf3 Nf6 6. Bg5 Nc6 7. Bb5 Qb6 8. Qe2+ Be6 9. O-O Be7 10. Nbd2 O-O 11. dxc5 Qxc5 12. Nb3 Qb6 13. Nbd4 Bc5 14. Bxf6 gxf6 15. Nxe6 Rfe8 16. Bd3 fxe6 17. Qc2 Re7 18. b4 Bd6 19. a4 Rg7 20. a5 Qc7 21. Qe2 Re8 22. g3 Ree7 23. Rfc1 Ne5 24. c4 Qd7 25. c5 Bb8 26. b5 Nxd3 27. Qxd3 e5 28. c6 Qe6 29. Qb3 e4 30. Nd4 Qe5 31. Rd1 Qh5 32. Nc2 Re5 33. Ne3 Kh8 34. Rxd5 Rg8 35. Rad1 f5 36. Rd8 Ree8 37. Rxe8 Rxe8 38. Qd5 Be5 39. cxb7 f4 40. g4 Qh3 41. Qxe5+ 1-0

[Event "En Passant 3"]
[Site "Montreal CAN"]
[Date "1989.06.22"]
[Round "4"]
[White "Morin, Louis"]
[Black "Zalys, Ignas"]
[Result "1-0"]
[WhiteElo "1910"]
[BlackElo "1925"]
[PlyCount "113"]
[GameId "2160767912519361"]
[EventDate "1989.05.25"]
[EventType "swiss"]
[EventRounds "4"]
[EventCountry "CAN"]

1. e4 e5 2. Nf3 Nc6 3. Nc3 Be7 4. d4 d6 5. dxe5 Nxe5 6. Nxe5 dxe5 7. Qxd8+ Bxd8 8. Bc4 Nf6 9. Be3 O-O 10. O-O c6 11. a4 b6 12. f3 a5 13. Rfd1 Bc7 14. Rd2 h6 15. Rad1 Bb7 16. Ne2 Kh7 17. c3 g6 18. Kh1 Kg7 19. Kg1 Rfb8 20. Rd7 Nxd7 21. Rxd7 b5 22. Rxf7+ Kh8 23. axb5 cxb5 24. Ba2 Bd6 25. Bxh6 Bc5+ 26. Kf1 Bf8 27. Bxf8 Rxf8 28. Rxb7 b4 29. Rb5 Rfb8 30. Rxe5 b3 31. Bb1 a4 32. c4 a3 33. bxa3 Rxa3 34. Rb5 Rxb5 35. cxb5 b2 36. Ke1 Rb3 37. Kd2 Rxb5 38. Nc3 Rb7 39. Kc2 Kg7 40. Nd1 Kf6 41. Nxb2 Rh7 42. h3 Kg5 43. Nd3 Kh4 44. Kd2 Kg3 45. Ke3 Rc7 46. Nf4 g5 47. Ne6 Rc1 48. Bd3 Kxg2 49. Nxg5 Kg3 50. e5 Re1+ 51. Be2 Ra1 52. e6 Ra7 53. f4 Kh4 54. Bg4 Kg3 55. Ne4+ Kh4 56. Nc5 Re7 57. Ke4 1-0

[Event "En Passant 4"]
[Site "Montreal CAN"]
[Date "1989.09.21"]
[Round "1"]
[White "Morin, Louis"]
[Black "Bray, Ronald"]
[Result "1/2-1/2"]
[WhiteElo "1941"]
[BlackElo "2065"]
[PlyCount "88"]
[GameId "2160767912502453"]
[EventDate "1989.09.14"]
[EventType "swiss"]
[EventRounds "4"]
[EventCountry "CAN"]
[SourceTitle "hb 2013"]

1. e4 c5 2. d4 e6 3. Nf3 cxd4 4. c3 Nc6 5. cxd4 d5 6. e5 Nge7 7. Nc3 Nf5 8. Be2 f6 9. Bb5 Bd7 10. Bxc6 Bxc6 11. a3 Ne7 12. Qe2 f5 13. h4 Bd7 14. O-O Qb6 15. Rd1 Rc8 16. Bg5 h6 17. Bxe7 Bxe7 18. Qd2 O-O 19. Ne2 Rc4 20. Rdc1 Rfc8 21. Rxc4 Rxc4 22. Rc1 Rxc1+ 23. Qxc1 Qc6 24. Qxc6 Bxc6 25. Nf4 Kf7 26. h5 Bb5 27. Nd2 Bg5 28. g3 Bxf4 29. gxf4 Ke7 30. Kg2 Be8 31. Kg3 Bxh5 32. f3 Be8 33. Kf2 Bh5 34. Nf1 Kd7 35. Ng3 Be8 36. Nf1 a5 37. Ke3 a4 38. Nd2 b5 39. Kf2 g5 40. Kg3 Ke7 41. fxg5 hxg5 42. f4 g4 43. Kh4 Bd7 44. Nb1 Be8 1/2-1/2

[Event "En Passant 4"]
[Site "Montreal CAN"]
[Date "1989.09.28"]
[Round "2"]
[White "Zalys, Ignas"]
[Black "Desforges, Jean"]
[Result "1/2-1/2"]
[WhiteElo "1885"]
[BlackElo "1987"]
[PlyCount "126"]
[GameId "2160767912502454"]
[EventDate "1989.09.14"]
[EventType "swiss"]
[EventRounds "4"]
[EventCountry "CAN"]

1. e4 d5 2. exd5 Nf6 3. Nc3 Nxd5 4. Nxd5 Qxd5 5. d4 e5 6. dxe5 Qxe5+ 7. Qe2 Bd6 8. Bf4 Qxe2+ 9. Nxe2 Bb4+ 10. c3 Ba5 11. Nd4 Bd7 12. O-O-O O-O 13. Bd3 Bb6 14. Be4 c6 15. f3 Na6 16. Nf5 Bxf5 17. Bxf5 Rfe8 18. Rhe1 g6 19. Bc2 Nc5 20. Bh6 Rxe1 21. Rxe1 Ne6 22. Bb3 Bc7 23. g3 Re8 24. Re4 Ng7 25. Rxe8+ Nxe8 26. Kd2 Ng7 27. Be3 Bb8 28. g4 Bxh2 29. Bxa7 Bf4+ 30. Be3 Bd6 31. Bh6 Ne6 32. Bxe6 fxe6 33. Ke3 Kf7 34. Bf4 Bc5+ 35. Ke4 h5 36. b4 Be7 37. gxh5 gxh5 38. a4 Ke8 39. Bb8 Kd7 40. Kf4 Bd6+ 41. Bxd6 Kxd6 42. c4 h4 43. a5 h3 44. Kg3 Ke5 45. b5 Kd6 46. Kxh3 Kc5 47. a6 bxa6 48. bxa6 Kb6 49. Kg4 Kxa6 50. Kf4 Kb6 51. Ke5 Kc5 52. f4 Kxc4 53. Kxe6 c5 54. f5 Kb3 55. f6 c4 56. f7 c3 57. f8=Q c2 58. Qb8+ Ka2 59. Qc7 Kb1 60. Qb6+ Ka2 61. Qc5 Kb1 62. Qb4+ Ka2 63. Qc3 Kb1 1/2-1/2

[Event "En Passant 4"]
[Site "Montreal CAN"]
[Date "1989.10.06"]
[Round "3"]
[White "Morin, Louis"]
[Black "Zalys, Ignas"]
[Result "1/2-1/2"]
[WhiteElo "1941"]
[BlackElo "1885"]
[PlyCount "94"]
[GameId "2160767912502455"]
[EventDate "1989.09.14"]
[EventType "swiss"]
[EventRounds "4"]
[EventCountry "CAN"]

1. e4 c5 2. d4 cxd4 3. c3 dxc3 4. Nxc3 Nc6 5. Nf3 d6 6. Bc4 e6 7. O-O Be7 8. Qe2 Nf6 9. Rd1 Qc7 10. Nb5 Qb8 11. Bf4 e5 12. Bg5 a6 13. Bxf6 gxf6 14. Nc3 b5 15. Bd5 Qb6 16. Rac1 Bd7 17. Bxc6 Bxc6 18. Nh4 h5 19. Nf5 Rd8 20. Nd5 Bxd5 21. Rxd5 Qb7 22. Qc2 Kd7 23. Nxe7 Kxe7 24. Qc7+ Qxc7 25. Rxc7+ Rd7 26. Rc6 Ra8 27. f3 Raa7 28. Kf2 Rac7 29. Rdxd6 Rxc6 30. Rxc6 Rd2+ 31. Kg3 a5 32. Ra6 a4 33. b3 axb3 34. axb3 Rb2 35. Rb6 Rxb3 36. Kh4 Rb2 37. Kxh5 Rxg2 38. Rb7+ Kf8 39. Rxb5 Rxh2+ 40. Kg4 Kg7 41. f4 exf4 42. Kxf4 Rh4+ 43. Kf3 Kg6 44. Rf5 Rh1 45. Rd5 Ra1 46. Kf4 Rf1+ 47. Kg4 Rg1+ 1/2-1/2

[Event "En Passant 4"]
[Site "Montreal CAN"]
[Date "1989.10.12"]
[Round "4"]
[White "Desforges, Jean"]
[Black "Morin, Louis"]
[Result "1/2-1/2"]
[WhiteElo "1967"]
[BlackElo "1941"]
[PlyCount "144"]
[GameId "2160767912502456"]
[EventDate "1989.09.14"]
[EventType "swiss"]
[EventRounds "4"]
[EventCountry "CAN"]
[SourceTitle "hb 2013"]

1. g3 d5 2. Bg2 Nf6 3. Nf3 e6 4. O-O Be7 5. d3 O-O 6. Nbd2 c5 7. c3 Nc6 8. Qc2 b5 9. e4 Bb7 10. Re1 a5 11. Nf1 dxe4 12. dxe4 c4 13. Bg5 Nd7 14. Bxe7 Qxe7 15. a4 b4 16. Ne3 b3 17. Qd1 Nb6 18. Nd4 Rfd8 19. Nxc6 Bxc6 20. Qe2 Qc5 21. Red1 Bxa4 22. Rxd8+ Rxd8 23. Nxc4 Bb5 24. Qe3 Qxe3 25. Nxe3 a4 26. Bf1 Bxf1 27. Kxf1 Kf8 28. Ke2 Ke7 29. f3 Kd6 30. Rd1+ Kc7 31. Rxd8 Kxd8 32. Kd3 Kc7 33. Nc4 Nd7 34. Nd2 Kb6 35. Kc4 Ka5 36. f4 f6 37. h3 Kb6 38. Kb4 Nc5 39. Nc4+ Kc6 40. Nd2 Kb6 41. g4 Nd3+ 42. Kxa4 Nxf4 43. Kxb3 Nxh3 44. Nc4+ Kc5 45. Ne3 Nf2 46. e5 fxe5 47. Kc2 g6 48. b4+ Kb5 49. Kb3 h5 50. c4+ Kc6 51. gxh5 gxh5 52. Ng2 Nd3 53. Kc3 e4 54. Nh4 Ne1 55. Kd4 Nc2+ 56. Kc3 Ne3 57. Ng6 Nf5 58. Nf4 h4 59. b5+ Kd6 60. Kb4 e3 61. c5+ Ke7 62. Kc3 Kd7 63. Kd3 Ke7 64. Ng6+ Kd8 65. Nf4 Kd7 66. Nh3 Nd4 67. c6+ Kc7 68. Kxe3 Nxb5 69. Ng5 Kd6 70. Kf4 Nd4 71. Kg4 Nxc6 72. Nxe6 Kxe6 1/2-1/2

[Event "En Passant 4"]
[Site "Montreal CAN"]
[Date "1989.10.12"]
[Round "4"]
[White "Zalys, Ignas"]
[Black "Bray, Ronald"]
[Result "1-0"]
[WhiteElo "1885"]
[BlackElo "2065"]
[PlyCount "101"]
[GameId "2160767912502457"]
[EventDate "1989.09.14"]
[EventType "swiss"]
[EventRounds "4"]
[EventCountry "CAN"]

1. e4 c5 2. b3 d6 3. Bb2 e5 4. Bb5+ Bd7 5. Qe2 Ne7 6. f4 Nbc6 7. fxe5 dxe5 8. Nf3 Ng6 9. O-O Bd6 10. Na3 Qe7 11. Nc4 Bc7 12. Ne3 Nf4 13. Qf2 O-O 14. Rae1 Nd4 15. Bxd7 Qxd7 16. Ba3 b6 17. d3 Rae8 18. Qd2 Bd8 19. Nc4 Nxf3+ 20. Rxf3 Bg5 21. Qc3 f6 22. Ne3 a5 23. g3 Ne6 24. Nd5 Rb8 25. Rf2 Kh8 26. Qa1 Nd4 27. c3 Nb5 28. Bb2 Nc7 29. c4 Ne6 30. a4 Bh6 31. Rf5 Qd8 32. Ref1 Rb7 33. Qe1 Rg8 34. Qe2 Qe8 35. Qf3 Nf8 36. Bxe5 fxe5 37. Rxf8 Qe6 38. Rxg8+ Qxg8 39. Qf5 g6 40. Qxe5+ Bg7 41. Qd6 Qb8 42. Qxb8+ Rxb8 43. Kg2 Kg8 44. Kh3 Be5 45. Kg4 Kg7 46. h4 Rb7 47. Kh3 h5 48. g4 hxg4+ 49. Kxg4 Kh6 50. Rf3 Rb8 51. Rf7 1-0

[Event "En Passant 5"]
[Site "Montreal CAN"]
[Date "1989.10.19"]
[Round "1"]
[White "Dire, Ralph"]
[Black "Morin, Louis"]
[Result "0-1"]
[WhiteElo "1788"]
[BlackElo "1911"]
[PlyCount "104"]
[GameId "2160767912494210"]
[EventDate "1989.10.19"]
[EventType "tourn"]
[EventRounds "3"]
[EventCountry "CAN"]
[SourceTitle "hb 2013"]

1. e4 e5 2. Nf3 d6 3. d4 Nf6 4. dxe5 Nxe4 5. Bc4 c6 6. O-O d5 7. Bd3 Nc5 8. h3 Be7 9. b4 Nxd3 10. Qxd3 Bxb4 11. e6 Bxe6 12. Bb2 Bf8 13. Re1 Nd7 14. Nd4 Nc5 15. Qf5 Be7 16. Nxe6 Nxe6 17. Nc3 O-O 18. Rad1 Bf6 19. Re4 dxe4 20. Rxd8 Raxd8 21. Qxe4 Rfe8 22. Qg4 Nd4 23. Ne4 Ne2+ 24. Qxe2 Bxb2 25. Qf3 h6 26. g4 Rd4 27. Nc5 Re1+ 28. Kg2 Rdd1 29. Nd3 Rg1+ 30. Kh2 Rh1+ 31. Qxh1 Rxh1+ 32. Kxh1 Bd4 33. Kg2 Kf8 34. Kf3 Ke7 35. Ke4 Bb6 36. f4 Bc7 37. h4 Bd6 38. h5 Ke6 39. Nf2 b5 40. Nd3 a5 41. Nc1 g6 42. f5+ gxf5+ 43. gxf5+ Kf6 44. Nb3 Bc7 45. Nd4 Kg5 46. Nxc6 Kxh5 47. Nd4 b4 48. Kf3 Kg5 49. Ke4 Kg4 50. f6 h5 51. Nf5 Bf4 52. Nd4 h4 0-1

[Event "En Passant 5"]
[Site "Montreal CAN"]
[Date "1989.11.09"]
[Round "3"]
[White "Morin, Louis"]
[Black "Martineau, Jean-Louis"]
[Result "1-0"]
[WhiteElo "1911"]
[BlackElo "1708"]
[PlyCount "35"]
[GameId "2160767912502404"]
[EventDate "1989.10.19"]
[EventType "tourn"]
[EventRounds "3"]
[EventCountry "CAN"]
[SourceTitle "hb 2013"]

1. e4 e5 2. Nf3 Nc6 3. Nc3 Nf6 4. Bb5 Bc5 5. O-O Nd4 6. Nxe5 O-O 7. Be2 Re8 8. Nd3 Nxe4 9. Nxe4 Rxe4 10. Bf3 Nxf3+ 11. Qxf3 Rc4 12. Qd5 Qh4 13. Nxc5 d6 14. Re1 Bh3 15. Re4 Rxc5 16. Rxh4 Rxd5 17. Rxh3 Re8 18. Re3 1-0

[Event "En Passant 6"]
[Site "Montreal CAN"]
[Date "1989.11.22"]
[Round "1"]
[White "Morin, Louis"]
[Black "Bultez, Guy"]
[Result "1/2-1/2"]
[WhiteElo "1888"]
[BlackElo "1795"]
[PlyCount "143"]
[GameId "2160767912494181"]
[EventDate "1989.11.22"]
[EventType "tourn"]
[EventRounds "3"]
[EventCountry "CAN"]
[SourceTitle "hb 2013"]

1. e4 e6 2. d4 d5 3. e5 c5 4. c3 Nc6 5. Nf3 cxd4 6. cxd4 Qb6 7. Nc3 Bd7 8. Be2 f6 9. exf6 Nxf6 10. O-O Be7 11. a3 O-O 12. Bf4 Ne4 13. Be5 Nxe5 14. Nxe5 Be8 15. Qd3 Nd6 16. Bg4 Nf7 17. Nxf7 Rxf7 18. Rfe1 Bd7 19. Nxd5 Qxb2 20. Nxe7+ Kh8 21. Bf3 Qb6 22. Rab1 Qd6 23. Rxb7 Raf8 24. Rxa7 Rxe7 25. Ra6 Qf4 26. Qe3 Qf7 27. a4 Bc8 28. Rb6 Ra7 29. Bc6 Qc7 30. Reb1 Rd8 31. Qe5 Rd6 32. Qc5 h6 33. Be8 Rxb6 34. Qxb6 Rb7 35. a5 Rxb6 36. axb6 Qc2 37. Re1 Qb2 38. d5 Qxb6 39. dxe6 Bxe6 40. Bg6 Bg8 41. Bd3 Qd4 42. Bf5 Qd2 43. Ra1 Qd5 44. Bh3 Be6 45. Bxe6 Qxe6 46. h4 Qe4 47. g3 Kg8 48. Ra3 Kf7 49. Re3 Qd5 50. Re1 Kf6 51. Re3 Kf5 52. Kh2 Kg4 53. Ra3 g5 54. Re3 Qd1 55. Kg2 Qd2 56. hxg5 hxg5 57. Ra3 Qd5+ 58. Kh2 Qc5 59. Re3 Qc6 60. Ra3 Qh6+ 61. Kg2 Kf5 62. Re3 g4 63. Kg1 Qh3 64. Re1 Qh6 65. Re3 Qc6 66. Kh2 Qc1 67. Kg2 Qd1 68. Re8 Qf3+ 69. Kg1 Kg6 70. Re3 Qd1+ 71. Kg2 Kf5 72. Re8 1/2-1/2

[Event "En Passant 6"]
[Site "Montreal CAN"]
[Date "1989.12.06"]
[Round "3"]
[White "Morin, Louis"]
[Black "Manuri, Louise"]
[Result "1/2-1/2"]
[WhiteElo "1888"]
[BlackElo "1695"]
[PlyCount "83"]
[GameId "2160767912494183"]
[EventDate "1989.11.22"]
[EventType "tourn"]
[EventRounds "3"]
[EventCountry "CAN"]
[SourceTitle "hb 2013"]

1. e4 e5 2. Nf3 Nc6 3. Nc3 Nf6 4. Bb5 d6 5. d4 exd4 6. Qxd4 Bd7 7. Bxc6 Bxc6 8. Bg5 Be7 9. O-O-O O-O 10. Rhe1 h6 11. Bh4 Re8 12. Qc4 Ng4 13. Bg3 Bf6 14. Nd5 Ne5 15. Nxe5 Bxe5 16. f4 Bxd5 17. exd5 Bf6 18. Rxe8+ Qxe8 19. Qxc7 Qe3+ 20. Kb1 Qe2 21. Re1 Qb5 22. c3 Qxd5 23. Qd7 Kh7 24. Qg4 Qxg2 25. Qf5+ Kg8 26. Qb5 Qc6 27. Qe2 Qd7 28. Qd3 Rc8 29. f5 Rc6 30. Rd1 Be7 31. Bf2 Ra6 32. Bd4 Qa4 33. a3 Qb3 34. Re1 Bg5 35. Re8+ Kh7 36. f6+ g6 37. Qe2 Rxa3 38. c4 Qa2+ 39. Kc2 Qb3+ 40. Kb1 Qa2+ 41. Kc2 Qb3+ 42. Kb1 1/2-1/2

[Event "Fall op"]
[Site "Kitchener CAN"]
[Date "1989.??.??"]
[Round "?"]
[White "Jung, Hans"]
[Black "Crowley, Gerry"]
[Result "1-0"]
[WhiteElo "2300"]
[BlackElo "1787"]
[PlyCount "45"]
[GameId "2160767912519892"]
[EventDate "1989.??.??"]
[EventType "swiss"]
[EventRounds "5"]
[EventCountry "CAN"]

1. e4 c5 2. Nf3 Nc6 3. c3 g6 4. d4 cxd4 5. cxd4 Bg7 6. Nc3 e6 7. d5 exd5 8. exd5 Ne5 9. d6 Qa5 10. Qe2 Kf8 11. Bd2 Nxf3+ 12. Qxf3 Qe5+ 13. Be2 Qxd6 14. Nb5 Qc6 15. Qa3+ Ne7 16. O-O Qc2 17. Bg5 f6 18. Bd3 Qc6 19. Rfe1 d6 20. Nxd6 fxg5 21. Rxe7 Kxe7 22. Nf5+ Kf6 23. Qe7# 1-0

[Event "Fete de l'amiante"]
[Site "Thetford Mines CAN"]
[Date "1989.06.30"]
[Round "1"]
[White "Gignac, Paul-Henri"]
[Black "Berube, Richard"]
[Result "0-1"]
[WhiteElo "1830"]
[BlackElo "2142"]
[PlyCount "56"]
[GameId "2160767912519119"]
[EventDate "1989.06.30"]
[EventType "swiss"]
[EventRounds "5"]
[EventCountry "CAN"]
[SourceTitle "hb 2012"]

1. e4 c5 2. Nf3 Nc6 3. d4 cxd4 4. Nxd4 Nf6 5. Nc3 d6 6. Bg5 e6 7. Bc4 Be7 8. O-O O-O 9. Be3 a6 10. a3 Qc7 11. Nxc6 bxc6 12. Qe2 d5 13. Bd3 c5 14. exd5 exd5 15. Qf3 Bb7 16. Bg5 d4 17. Qh3 c4 18. Bf5 g6 19. Bxf6 Bxf6 20. Ne4 Bg7 21. Ng5 h6 22. Bxg6 fxg6 23. Ne6 Qd7 24. Nxf8 Qxh3 25. gxh3 Rxf8 26. f4 d3 27. c3 Rf5 28. Rad1 Bf8 0-1

[Event "Fete de l'amiante"]
[Site "Thetford Mines CAN"]
[Date "1989.06.30"]
[Round "1"]
[White "Manuri, Louise"]
[Black "Teuton, Frank"]
[Result "0-1"]
[WhiteElo "1360"]
[BlackElo "1876"]
[PlyCount "72"]
[GameId "2160767912519120"]
[EventDate "1989.06.30"]
[EventType "swiss"]
[EventRounds "5"]
[EventCountry "CAN"]

1. d4 Nf6 2. c4 c5 3. Nf3 g6 4. Nc3 Bg7 5. e4 cxd4 6. Nxd4 O-O 7. Be2 d6 8. O-O Nc6 9. Be3 Bd7 10. Qd2 Rc8 11. Rac1 Ne5 12. b3 Neg4 13. Bxg4 Nxg4 14. Rfd1 Nxe3 15. Qxe3 Rc5 16. Nd5 e6 17. Nc3 a6 18. Nf3 Qc7 19. Qd2 Bc6 20. Qxd6 Qa5 21. Qd2 Rc8 22. h3 b5 23. Nb1 Qc7 24. Qd6 Bxe4 25. Qxc7 R5xc7 26. Nc3 Bxf3 27. gxf3 bxc4 28. Ne4 c3 29. Rc2 Kf8 30. Rd3 Ke7 31. Kg2 f5 32. Nd6 Rd8 33. Nxf5+ gxf5 34. Re3 Rd2 35. Re2 Rxe2 36. Rxe2 c2 0-1

[Event "Fete de l'amiante"]
[Site "Thetford Mines CAN"]
[Date "1989.07.01"]
[Round "2"]
[White "Berube, Richard"]
[Black "Gaulin, Gaetan"]
[Result "1-0"]
[WhiteElo "2142"]
[BlackElo "2017"]
[PlyCount "145"]
[GameId "2160767912519121"]
[EventDate "1989.06.30"]
[EventType "swiss"]
[EventRounds "5"]
[EventCountry "CAN"]
[SourceTitle "hb 2012"]

1. e4 d6 2. d4 Nf6 3. Nc3 g6 4. Nf3 Bg7 5. h3 c6 6. a4 Qa5 7. Nd2 Nbd7 8. Be2 a6 9. O-O Rb8 10. Re1 O-O 11. Nc4 Qc7 12. a5 b5 13. axb6 Nxb6 14. Na5 Nbd7 15. Bf1 e5 16. dxe5 Nxe5 17. Nb3 Ra8 18. f4 Ned7 19. Be2 Re8 20. Bf3 Nb6 21. Kh1 Nfd7 22. Ra2 Rb8 23. Be3 Bb7 24. Bd4 f6 25. Ra1 Nf8 26. Bxb6 Qxb6 27. Qxd6 Rbd8 28. Qc5 Qc7 29. Qc4+ Kh8 30. Nc5 Bc8 31. Nd3 Ne6 32. Ne2 Bb7 33. b4 Re7 34. Rad1 Rde8 35. g3 a5 36. c3 Qb6 37. Kg2 Ba6 38. bxa5 Qxa5 39. Qb4 Qa2 40. Ra1 Qc4 41. Qxc4 Bxc4 42. Nb4 c5 43. Nd5 Rb7 44. Rab1 Reb8 45. Rxb7 Rxb7 46. Ne3 Bd3 47. Ra1 h6 48. Ra8+ Kh7 49. Re8 Rb6 50. Nd5 Ra6 51. Kf2 Bc4 52. Ke3 Bb5 53. Re7 Kg8 54. Bg4 Nf8 55. Rb7 Bc4 56. Rb6 h5 57. Rxa6 Bxa6 58. Bc8 Bc4 59. Nc1 Kf7 60. Nb6 Be6 61. Bxe6+ Kxe6 62. Nd3 Kd6 63. Nc4+ Kc6 64. h4 Nd7 65. f5 Nf8 66. Kf3 Bh6 67. Ne3 Bxe3 68. Kxe3 gxf5 69. exf5 Kd5 70. Nf4+ Ke5 71. Ng6+ Nxg6 72. fxg6 f5 73. g7 1-0

[Event "Fete de l'amiante"]
[Site "Thetford Mines CAN"]
[Date "1989.07.01"]
[Round "2"]
[White "Teuton, Frank"]
[Black "Poitras, Luc"]
[Result "1-0"]
[WhiteElo "1931"]
[BlackElo "2039"]
[PlyCount "99"]
[GameId "2160767912519122"]
[EventDate "1989.06.30"]
[EventType "swiss"]
[EventRounds "5"]
[EventCountry "CAN"]

1. e4 d6 2. d4 Nf6 3. Nc3 g6 4. Bg5 c6 5. Qd2 b5 6. Bd3 Nbd7 7. f4 h6 8. Bh4 e5 9. Nf3 Be7 10. fxe5 dxe5 11. dxe5 Nh5 12. Bf2 Nc5 13. Be3 Bg4 14. O-O Qc7 15. Nd4 Nxd3 16. cxd3 b4 17. Na4 Ng7 18. Rac1 Bd7 19. Nc5 Bc8 20. Nf3 Ne6 21. Nxe6 Bxe6 22. d4 Qd7 23. Qc2 Rc8 24. b3 g5 25. Ne1 O-O 26. Nd3 f5 27. exf6 Bxf6 28. Nc5 Qe7 29. Nxe6 Qxe6 30. Qc4 Qxc4 31. Rxc4 Be7 32. Rxf8+ Bxf8 33. d5 c5 34. e5 Re8 35. Re4 Kf7 36. Kf2 Bd6 37. e6+ Kf6 38. g4 a5 39. Ke2 Rd8 40. Kd3 Ke7 41. h3 Ra8 42. Rc4 Rc8 43. Rc2 Ke8 44. Rf2 Be7 45. Rf7 a4 46. Kc4 axb3 47. axb3 Bd6 48. Rh7 Ra8 49. Rh8+ Bf8 50. Bxc5 1-0

[Event "Fete de l'amiante"]
[Site "Thetford Mines CAN"]
[Date "1989.07.01"]
[Round "3"]
[White "Cazelais, Marc"]
[Black "Berube, Richard"]
[Result "1/2-1/2"]
[WhiteElo "2006"]
[BlackElo "2142"]
[PlyCount "171"]
[GameId "2160767912519123"]
[EventDate "1989.06.30"]
[EventType "swiss"]
[EventRounds "5"]
[EventCountry "CAN"]
[SourceTitle "hb 2012"]

1. d4 Nf6 2. c4 e6 3. Nf3 Bb4+ 4. Bd2 c5 5. Bxb4 cxb4 6. Nbd2 d6 7. e4 Nfd7 8. Bd3 e5 9. O-O Nc6 10. d5 Ne7 11. a3 Nc5 12. Nb3 Nxb3 13. Qxb3 bxa3 14. Qxa3 Bg4 15. Bc2 Bxf3 16. Ba4+ Kf8 17. Qxf3 h5 18. b4 a5 19. Qc3 axb4 20. Qxb4 b6 21. Bc6 Ra5 22. Rfb1 g5 23. Ra4 Kg7 24. Bb5 Qc7 25. Rba1 Rha8 26. h3 Rxa4 27. Rxa4 Rxa4 28. Qxa4 Ng6 29. g3 h4 30. Qa3 hxg3 31. Qxg3 Qd8 32. Qe3 Nf4 33. Kh2 Qc8 34. Bc6 Qa6 35. Bb5 Qa1 36. Qg3 Kh6 37. h4 f6 38. hxg5+ fxg5 39. Qf3 Qf1 40. Ba6 g4 41. Qxg4 Qxf2+ 42. Kh1 Qe1+ 43. Kh2 Qf2+ 44. Kh1 Qe1+ 45. Kh2 Qd2+ 46. Kh1 Qf2 47. Bb5 Qe3 48. Kh2 Qf2+ 49. Kh1 Ng6 50. Qe6 Qh4+ 51. Kg1 Qg5+ 52. Kf1 Qe7 53. Qh3+ Kg7 54. Qg4 Qf6+ 55. Kg1 Kh6 56. Qh3+ Nh4 57. Bd7 Qg5+ 58. Bg4 Qc1+ 59. Kf2 Qf4+ 60. Kg1 Kg5 61. Be2 Qxe4 62. Qg3+ Kh6 63. Bd3 Nf3+ 64. Kf2 Qxd3 65. Qh3+ Kg5 66. Qg3+ Kf6 67. Qg8 Qd2+ 68. Kxf3 Qf4+ 69. Ke2 Qxc4+ 70. Kd2 Qd4+ 71. Kc2 Qc5+ 72. Kd2 Qb4+ 73. Ke2 Ke7 74. Qg7+ Kd8 75. Qf8+ Kd7 76. Qf7+ Kd8 77. Qf8+ Kc7 78. Qe7+ Kc8 79. Qe8+ Kc7 80. Qe7+ Kb8 81. Qd8+ Kb7 82. Qd7+ Ka6 83. Qc8+ Ka5 84. Qa8+ Kb5 85. Qc6+ Ka6 86. Qa8+ 1/2-1/2